| 000 | 00618nam a2200181 4500 | ||
|---|---|---|---|
| 999 |
_c453 _d453 |
||
| 020 | _a9789988126537 | ||
| 050 | _aPN6727 | ||
| 100 | _aAnnor, Serekye Yaw et. al. (Ed) | ||
| 245 |
_aGrasscutter Production : _bA handbook _cSerekye Yaw Annor, Hope R. Otsyina, Emmanuel K Adu, Joshua Ahiaba, & Joseph Donkor |
||
| 260 |
_aAccra, Ghana : _bMOAP, _c2009 |
||
| 300 |
_a109 page : _bcolor illustratioins. |
||
| 500 | _aINCLUDES BIBLIOGRAPHIC REFERENCE AND INDEX | ||
| 650 | _agrasscutter --production | ||
| 700 | _aOtsyina, Hope R. | ||
| 710 | _aAdu, Emmanuel K | ||
| 711 |
_aAhiaba, Joshua _aDonkor, Joseph |
||
| 942 | _cBK | ||